000 00285nam a22001337a 4500
008 170306b xxu||||| |||| 00| 0 eng d
020 _a9780072558159
041 _aeng
080 _a611
100 _a6
101 _aSHM
245 _aANATOMY PHYSIOLOGY
_cSEELEY.R.R
942 _2udc
_cBK
999 _c6890
_d6890